Group & organization management <an> international journal

Saved in:
Bibliographic Details
Format: Serial
Language:English
Published: Newbury Park SAGE Publ. 2012
Subjects:
Tags: Add Tag
No Tags, Be the first to tag this record!

MARC

LEADER 00000nas2a2200000 4500
001 0228184
005 20170313144325.8
022 |a 1059-6011 
041 0 |a eng 
044 |a US 
245 1 0 |a Group & organization management  |b <an> international journal 
264 1 |a Newbury Park  |b SAGE Publ.  |c 2012 
773 0 |w eu_un_cat*s120194 
610 2 0 |a manažment strategický 
610 2 0 |a riadenie strategické 
610 2 0 |a metódy rozhodovania